000
00307nam a2200133Ia 4500
003
OSt
005
20231123071640.0
008
170524s9999 xx 000 0 und d
020
_a
81-7014-883-9
040
_c
IIMT
100
_a
PRASAD- L.M.
245
0
_a
PRINCIPLES & PRACTICE OF MANAGEMENT
942
_2
ddc
_c
02
999
_c
4103
_d
4103